Εισαγωγή στη θρησκειολογία
Αποθηκεύτηκε σε:
| Κύριος συγγραφέας: | |
|---|---|
| Μορφή: | Βιβλίο |
| Γλώσσα: | Greek |
| Δημοσίευση: |
Αθήνα :
Ελληνικά Γράμματα,
2006
|
| Έκδοση: | 2η έκδ. |
| Σειρά: | Θρησκειολογία ;
; 35 |
| Θέματα: | |
| Ετικέτες: |
Προσθήκη ετικέτας
Δεν υπάρχουν, Καταχωρήστε ετικέτα πρώτοι!
|
MARC
| LEADER | 00000cam a2200000 i 4500 | ||
|---|---|---|---|
| 001 | 1/69287 | ||
| 008 | 080102s2006 gre d | ||
| 020 | |a 978-960-442-714-7 | ||
| 035 | |l 10093377 | ||
| 040 | |a GR-MY-UA |b gre |e aacr | ||
| 041 | 0 | |a gre | |
| 082 | 0 | |a 230.01 |2 (22) | |
| 100 | 1 | |a Μπέγζος, Μάριος Π., |d 1951- | |
| 245 | 1 | 0 | |a Εισαγωγή στη θρησκειολογία / |c Μάριος Π. Μπέγζος |
| 250 | |a 2η έκδ. | ||
| 260 | |a Αθήνα : |b Ελληνικά Γράμματα, |c 2006 | ||
| 300 | |a 264 σ.; |c 21 εκ. | ||
| 490 | 1 | |a Θρησκειολογία |v ; 35 | |
| 500 | |a Το δεύτερο αντίτυπο του Παραρτήματος της Ρόδου είναι η 6η έκδοση του 2010 | ||
| 504 | |a Περιλαμβάνει βιβλιογραφίες και βιογραφικό σημείωμα του συγγραφέα | ||
| 650 | 0 | 0 | |a Christianity |x Philosophy. |
| 650 | 0 | 0 | |a Philosophical theology. |
| 830 | 0 | |a Θρησκειολογία ; |v ; 35 | |
| 852 | |a INST |b RHODES |e 20080102 |h 230.01 ΜΠΕ |p 005400030290 |q 005400030290 |t BK |y 0 | ||
| 852 | |a INST |b RHODES |e 20140731 |h 230.01 ΜΠΕ |p 005400036644 |q 005400036644 |t BK |y 0 | ||
| 901 | |a BIBL4-2007-3 | ||
| 901 | |a BIBL4-2014-2 | ||
| 909 | |a Ρ |b 141688 | ||
| 909 | |a Ρ |b 183146 | ||
| 922 | |a 4ΕΛΗ |b 200711 |c ΕΠΕΑΕΚ2/ΠΤΔΕ |d Σ. ΠΑΤΑΚΗΣ | ||
| 970 | |a ΚΟΖΑ |b ΜΑΡΙΑ |z 2008/01/02 | ||